00373nam a22001217a 4500008004100000040001800041041000800059100002000067245007800087260004500165300001800210650002300228130821s1937 fr gr fre  aCo-BoUCMbspa00afre aMorgan, Charles00aSparkenbrokecCharles Morgan ; traduit de l'anglais par Germaine Delamain aParís (Francia)bLibrairie Slockc1937 a514 páginas04aLiteratura inglesa